000 00717nam a2200205Ia 4500
001 13749
003 GE_BSU
008 181216s||||||||xx |||||||||||||| ||und||
040 _cGE_BSU
080 _a821.353.1-391
100 _aორბელიანი,სულხან-საბა
245 _aსიბრძნე-სიცრუისა
245 _cრედ.სოლომონ იორდანიშვილი. წინასიტყვ. გიორგი ლეონიძის
260 _aთბილისი
260 _bსახელგამი
260 _c1938
300 _a214გვ.18სმ.
653 _aსიბრძნე-სიცრუისა
942 _cBK
999 _c46896
_d46896